书目信息 |
| 题名: |
网站创意思维与Flash完美结合
|
|
| 作者: | 文伟俊 编著 | |
| 分册: | ||
| 出版信息: | 北京 电子工业出版社 2004.08 |
|
| 页数: | 296页 | |
| 开本: | 26cm | |
| 丛书名: | ||
| 单 册: | ||
| 中图分类: | TP393.092 | |
| 科图分类: | ||
| 主题词: | 计算机应用 | |
| 电子资源: | ||
| ISBN: | 7-121-00081-4 | |
| 000 | 00599nam0 2200193 450 | |
| 001 | 0734661078 | |
| 005 | 20070904091635.87 | |
| 010 | @a7-121-00081-4@dCNY55.00 | |
| 100 | @a20070629d2004 km y0chiy0120 ea | |
| 101 | 0 | @achi |
| 102 | @aCN@b110000 | |
| 200 | 1 | @a网站创意思维与Flash完美结合@Awang zhan chuang yi si wei yu Flash wan mei jie he@f文伟俊编著@Fwen wei jun bian zhu |
| 210 | @a北京@c电子工业出版社@d2004.08 | |
| 215 | @a296页@d26cm@e光盘1片 | |
| 606 | 0 | @a计算机应用 |
| 690 | @aTP393.092@v3 | |
| 701 | 0 | @a文伟俊@Awen wei jun@4编著 |
| 801 | 0 | @aCN@c20070904 |
| 905 | @a10447@dTP393.092@eW6623 | |
| 网站创意思维与Flash完美结合/文伟俊编著.-北京:电子工业出版社,2004.08 |
| 296页;26cm+光盘1片 |
| ISBN 7-121-00081-4:CNY55.00 |
| ● |
| 相关链接 |
|
|
|
正题名:网站创意思维与Flash完美结合
索取号:TP393.092/W6623
 
预约/预借
| 序号 | 登录号 | 条形码 | 馆藏地/架位号 | 状态 | 备注 |
| 1 | 450570 | 204505703 | 自科库301/301自科库 129排1列5层/ [索取号:TP393.092/W6623] | 在馆 |